<?xml version="1.0" encoding="UTF-8"?>
<record
    xmlns:xsi="http://www.w3.org/2001/XMLSchema-instance"
    xsi:schemaLocation="http://www.loc.gov/MARC21/slim http://www.loc.gov/standards/marcxml/schema/MARC21slim.xsd"
    xmlns="http://www.loc.gov/MARC21/slim">

  <leader>01213nam a22002417a 4500</leader>
  <controlfield tag="001">7903</controlfield>
  <controlfield tag="003">FISKH</controlfield>
  <controlfield tag="005">20250813140011.0</controlfield>
  <controlfield tag="008">250813b        cb ||||| |||| 00| 0 eng d</controlfield>
  <datafield tag="020" ind1=" " ind2=" ">
    <subfield code="a">9789995060244</subfield>
  </datafield>
  <datafield tag="040" ind1=" " ind2=" ">
    <subfield code="a">FISKH</subfield>
    <subfield code="b">khr</subfield>
    <subfield code="c">FISKH</subfield>
    <subfield code="d">FISKH</subfield>
  </datafield>
  <datafield tag="050" ind1=" " ind2=" ">
    <subfield code="a">PZ7 </subfield>
  </datafield>
  <datafield tag="082" ind1=" " ind2=" ">
    <subfield code="a">959.6042 092 </subfield>
  </datafield>
  <datafield tag="100" ind1=" " ind2=" ">
    <subfield code="a">Mey, Chum</subfield>
  </datafield>
  <datafield tag="245" ind1=" " ind2=" ">
    <subfield code="a">&#x1780;&#x17B6;&#x179A;&#x179A;&#x179F;&#x17CB;&#x179A;&#x17B6;&#x1793;&#x1798;&#x17B6;&#x1793;&#x1787;&#x17B8;&#x179C;&#x17B7;&#x178F; / </subfield>
    <subfield code="c">&#x1787;&#x17BB;&#x17C6; &#x1798;&#x17BB;&#x17B8; &#x1793;&#x17B7;&#x1784;&#x1798;&#x1787;&#x17D2;&#x1788;&#x1798;&#x178E;&#x17D2;&#x178C;&#x179B;&#x17AF;&#x1780;&#x179F;&#x17B6;&#x179A;&#x1780;&#x1798;&#x17D2;&#x1796;&#x17BB;&#x1787;&#x17B6;&#x200B; &#x1794;&#x17D2;&#x179A;&#x17C2;&#x179F;&#x1798;&#x17D2;&#x179A;&#x17BD;&#x179B;&#x178A;&#x17C4;&#x1799; &#x1782;&#x17B9;&#x1798; &#x179F;&#x17D2;&#x179A;&#x17BC;&#x1799; &#x179F;&#x17BB;&#x1781;&#x179C;&#x17B7;&#x179F;&#x17B6;&#x179B; &#x1793;&#x17B7;&#x1784;&#x179F;&#x17BA;&#x1798; &#x179F;&#x17BC;&#x179A;&#x17B7;&#x1799;&#x17B6;&#x200B;</subfield>
  </datafield>
  <datafield tag="260" ind1=" " ind2=" ">
    <subfield code="a">Phnom Penh : </subfield>
    <subfield code="b">&#x1798;&#x1787;&#x17D2;&#x1788;&#x1798;&#x178E;&#x17D2;&#x178C;&#x179B;&#x17AF;&#x1780;&#x179F;&#x17B6;&#x179A;&#x1780;&#x1798;&#x17D2;&#x1796;&#x17BB;&#x1787;&#x17B6; , </subfield>
    <subfield code="c">2012.</subfield>
  </datafield>
  <datafield tag="300" ind1=" " ind2=" ">
    <subfield code="a">112 pages : </subfield>
    <subfield code="b">illustrations ;</subfield>
    <subfield code="c">21 cm . </subfield>
  </datafield>
  <datafield tag="520" ind1=" " ind2=" ">
    <subfield code="a">&#x179F;&#x17C0;&#x179C;&#x1797;&#x17C5;&#x1793;&#x17C1;&#x17C7;&#x1782;&#x17BA;&#x1787;&#x17B6; &#x1794;&#x17D2;&#x179A;&#x179C;&#x178F;&#x17D2;&#x178F;&#x17B7;&#x1787;&#x17B8;&#x179C;&#x17B7;&#x178F;&#x1798;&#x1793;&#x17BB;&#x179F;&#x17D2;&#x179F;&#x179A;&#x179F;&#x17CB;&#x179A;&#x17B6;&#x1793;&#x1798;&#x17B6;&#x1793;&#x1787;&#x17B8;&#x179C;&#x17B7;&#x178F;&#x1796;&#x17B8;&#x179A;&#x1794;&#x1794;&#x1781;&#x17D2;&#x1798;&#x17C2;&#x179A;&#x1780;&#x17D2;&#x179A;&#x17A0;&#x1798;&#x178A;&#x17CF;&#x1781;&#x17D2;&#x1798;&#x17C5;&#x1784;&#x1784;&#x17BA;&#x178F; &#x17D4;
</subfield>
  </datafield>
  <datafield tag="520" ind1=" " ind2=" ">
    <subfield code="a">This book is the life story of a survivor from the dark and brutal Khmer Rouge regime.</subfield>
  </datafield>
  <datafield tag="700" ind1=" " ind2=" ">
    <subfield code="a">Takayasi, Marico </subfield>
    <subfield code="e">Phtographer</subfield>
  </datafield>
  <datafield tag="942" ind1=" " ind2=" ">
    <subfield code="2">ddc</subfield>
    <subfield code="c">BK</subfield>
    <subfield code="n">0</subfield>
  </datafield>
  <datafield tag="999" ind1=" " ind2=" ">
    <subfield code="c">7903</subfield>
    <subfield code="d">7903</subfield>
  </datafield>
  <datafield tag="952" ind1=" " ind2=" ">
    <subfield code="0">0</subfield>
    <subfield code="1">0</subfield>
    <subfield code="2">ddc</subfield>
    <subfield code="4">0</subfield>
    <subfield code="7">0</subfield>
    <subfield code="8">KH</subfield>
    <subfield code="a">002</subfield>
    <subfield code="b">002</subfield>
    <subfield code="c">SKB</subfield>
    <subfield code="d">2025-08-13</subfield>
    <subfield code="l">0</subfield>
    <subfield code="o">MEY PZ7 959.6042 092 </subfield>
    <subfield code="p">2025-4080</subfield>
    <subfield code="r">2025-08-13 11:02:08</subfield>
    <subfield code="w">2025-08-13</subfield>
    <subfield code="y">BK</subfield>
  </datafield>
</record>
